=LDR 00000nam 2200000 4500 =001 000871 =005 20250712114926 =035 ##$$a 0010-0725000749 =007 ta =008 250712################a##########0#ind## =020 ##$$a 978-602-1101-54-4 =082 ##$$a 398.209 598 =084 ##$$a 398.209 598 HEP p =100 #$$a Heppi =245 1#$$a Panen Rotan /$c Heppi =260 ##$$a Bandung :$b Yayasan Litara,$c 2021 =300 ##$$a 16 hlm. : $b ilus. ; $c 29,7 cm =856 ##$$a TBM As Suhada =990 ##$$a TBM202400687 =990 ##$$a TBM202400727